000 00560nam a2200205Ia 4500
008 160319s9999 xx 000 0 und d
020 _a971-705-053-8
050 _aFIL HA 29
050 _b.E88 2002 c.2
100 _aEstolano, Marcial P.
245 _aIntroduction to statistics /
245 _cMarcial P. Estolano, Anna Maria Lourdes S. Latonio, Florentina D. Monta.
260 _aMakati City:
260 _bGrandwater Pub.,
260 _c2002
300 _a20 pages :
300 _billustrations ;
300 _c26 cm.
650 _aStatistics.
999 _c291863
_d291863